000 00251nam a22000977a 4500
999 _c516577
_d516577
082 _aTNC D2 Ag15
100 _aAgarwal, H. O.
_923107
245 _aInternational law
_cby H. O. Agarwal
260 _aAllahabad
_bAllahabad law agency
_c1987
300 _a622p.